书目信息 |
| 题名: |
小麦病虫害绿色防控彩色图谱
|
|
| 作者: | 张云慧 , 李祥瑞 , 黄冲 主编 | |
| 分册: | ||
| 出版信息: | 北京 中国农业出版社 2020.01 |
|
| 页数: | 179页 | |
| 开本: | 22cm | |
| 丛书名: | ||
| 单 册: | ||
| 中图分类: | S435.12-64 | |
| 科图分类: | ||
| 主题词: | 小麦--xiao mai--病虫害防治--图谱 | |
| 电子资源: | ||
| ISBN: | 978-7-109-26148-8 | |
| 000 | 01089nam0 2200265 450 | |
| 001 | 0106081852 | |
| 005 | 20201106082046.0 | |
| 010 | @a978-7-109-26148-8@dCNY36.00 | |
| 100 | @a20200617d2020 em y0chiy50 ea | |
| 101 | 0 | @achi |
| 102 | @aCN@b110000 | |
| 105 | @aa z 000yy | |
| 106 | @ar | |
| 200 | 1 | @a小麦病虫害绿色防控彩色图谱@Axiao mai bing chong hai lv se fang kong cai se tu pu@f张云慧, 李祥瑞, 黄冲主编 |
| 210 | @a北京@c中国农业出版社@d2020.01 | |
| 215 | @a179页@d22cm | |
| 300 | @a扫码看视频·病虫害绿色防控系列“乡村振兴战略下‘三农’融合出版探索”项目资助视频制作 | |
| 330 | @a本书内容分三部分,第一部分介绍小麦主要病害识别及绿色防治技术,第二部分介绍小麦主要虫害识别及绿色防控技术,第三部分主要介绍了农业防治技术、理化诱控技术、生物防治技术、科学用药、绿色防控技术的集成与示范等绿色防控技术。 | |
| 606 | 0 | @a小麦@Axiao mai@x病虫害防治@j图谱 |
| 690 | @aS435.12-64@v5 | |
| 701 | 0 | @a张云慧@Azhang yun hui@4主编 |
| 701 | 0 | @a李祥瑞@Ali xiang rui@4主编 |
| 701 | 0 | @a黄冲@Ahuang chong@4主编 |
| 801 | 0 | @aCN@bBJSZM@c20201106 |
| 905 | @b1193444-7@dS435.12-64@e194@f4 | |
| 小麦病虫害绿色防控彩色图谱/张云慧, 李祥瑞, 黄冲主编.-北京:中国农业出版社,2020.01 |
| 179页;22cm |
| 扫码看视频·病虫害绿色防控系列“乡村振兴战略下‘三农’融合出版探索”项目资助视频制作 |
| ISBN 978-7-109-26148-8:CNY36.00 |
| 本书内容分三部分,第一部分介绍小麦主要病害识别及绿色防治技术,第二部分介绍小麦主要虫害识别及绿色防控技术,第三部分主要介绍了农业防治技术、理化诱控技术、生物防治技术、科学用药、绿色防控技术的集成与示范等绿色防控技术。 |
| ● |
| 相关链接 |
|
|
|
|
正题名:小麦病虫害绿色防控彩色图谱
索取号:S435.12-64/194
 
预约/预借
| 序号 | 登录号 | 条形码 | 馆藏地/架位号 | 状态 | 备注 |
| 1 | 1193444 | 211934442 | 第二样本阅览室/ [索取号:S435.12-64/194] | 在馆 | |
| 2 | 1193445 | 211934451 | 第三借阅区/ [索取号:S435.12-64/194] | 在馆 | |
| 3 | 1193446 | 211934460 | 第三借阅区/ [索取号:S435.12-64/194] | 在馆 | |
| 4 | 1193447 | 211934479 | 第三借阅区/ [索取号:S435.12-64/194] | 在馆 |